Loading...

Nationalism and colonialism in modern India

Bibliographic Details
Main Author: Bipan Chandra
Format: Printed Book
Published: New Delhi, Orient Longman 1981
Subjects:
LEADER 005680000a22001930004500
020 |a 0 86131 282 1 
082 |a 320.540 954 M1 
100 |a Bipan Chandra 
245 |a Nationalism and colonialism in modern India 
260 |a New Delhi, Orient Longman 
260 |c 1981 
465 |a R 70 
650 |a Colonies 
650 |a History 
650 |a India 
650 |a Nationalism 
942 |c BK 
999 |c 1949  |d 1949 
952 |0 0  |1 0  |4 0  |6 320_540000000000000_954_M1  |7 0  |8 ENG  |9 1741  |a MGUL  |b MGUL  |d 2013-07-16  |e R 70  |l 2  |o 320.540 954 M1  |p 10354  |r 2019-10-26  |s 2019-10-01  |w 2013-07-16  |y BK